000 00437nam a22001457a 4500
020 _qHB.
040 _cFIZZA ISHAQ
082 _a709
_bHEG
100 _aHegel, Georg Wilhelm Friedrich.
_9134385
245 _aGreat Books of the Western World Vol 46 Hegel /
_c Georg Wilhelm Friedrich Hegel.
250 _aVol. 46 — Hegel.
260 _aLondon:
_bEncyclopaedia Britannica Inc.
_c1952.
300 _a369 P. ;
_c24 cm
942 _2ddc
_cBK
999 _c617363
_d617363